Nimeä käypä Afrikan valtio - Statistics

Yleistilastot
  • Tätä visaa on pelattu 682 kertaa
    622 viimeisimmän päivityksen jälkeen
  • Keskiarvotulos 13 / 17
Vastaustilastot
Nimeä Afrikan valtio... Valtiot % Oikein
jossa asuu yli 100 miljoonaa ihmistä Egypti | Etiopia | Kongon dem. tasavalta | Nigeria
100%
joka sijaitsee Välimeren rannalla Algeria | Egypti | Libya | Marokko | Tunisia
99%
joka on saarivaltio Kap Verde | Komorit | Madagaskar | Mauritius | São Tomé ja Príncipe | Seychellit
99%
jonka nimessä on tasan neljä kirjainta Mali | Togo | Tšad
98%
jolla on rantaviivaa ainakin 2500 km Egypti | Etelä-Afrikka | Madagaskar | Marokko | Mosambik
86%
jonka nimessä on kirjain "W" Botswana | Malawi | Swazimaa | Zimbabwe
84%
jonka eliniänodote on yli 74 vuotta (2024, CIA World Factbook) Algeria | Egypti | Kap Verde | Libya | Mauritius | Marokko | Seychellit | Tunisia
83%
joka on osa Afrikan sarvea Djibouti | Eritrea | Etiopia | Somalia
81%
joka on Victorianjärven rannalla Kenia | Tansania | Uganda
81%
jonka keskimääräiset tulot asukasta kohden ovat korkeammat kuin Etelä-Afrikalla (2024, PPP) Algeria | Botswana | Egypti | Gabon | Libya | Mauritius | Päiväntasaajan Guinea | Seychellit
69%
jolla on alueita Kalaharin autiomaassa Botswana | Etelä-Afrikka | Namibia
67%
jonka kokonaispinta-alasta on metsääyli 60 % Seychellit | Gabon | Mosambik | Kongon tasavalta | Zimbabwe
65%
joka on kokonaan vähintään 500 metrin korkeudella merenpinnasta Botswana | Burundi | Lesotho | Ruanda | Uganda
61%
jonka virallinen kieli on portugali Angola | Guinea-Bissau | Kap Verde | Mosambik | Päiväntasaajan Guinea | São Tomé ja Príncipe
60%
joka oli itsenäinen valtio vuonna 1900 Etiopia | Liberia | Marokko
60%
jonka pääkaupunki päättyy kirjaimeen "O" Benin | Egypti | Madagaskar | Mali | Mosambik | Norsunluurannikko | Päiväntasaajan Guinea
58%
joka on monarkia Lesotho | Marokko | Swazimaa
45%
Ehtoja vastaavia visoja ei löytynyt
Tulosjakauma
Jokaisen tuloksen saaneiden osuus
Persentiili vastausten määrän mukaan
Tuloshistoriasi
Et ole pelannut tätä visaa sen viimeisimmän päivityksen jälkeen